| 000 | 00382nam a2200157Ia 4500 | ||
|---|---|---|---|
| 008 | 230917s9999||||xx |||||||||||||| ||und|| | ||
| 020 | _cPOU7.95 | ||
| 040 |
_e9471 _aMAIN |
||
| 041 | _aEnglish | ||
| 082 | _a589.2 W394I | ||
| 100 | _aWebster, John | ||
| 245 | 0 | _aIntroduction to fungi | |
| 250 | _a2nd ed. | ||
| 260 |
_aCambridge _bCambridge University Press _c1983 |
||
| 942 | _cBK | ||
| 999 |
_c47748 _d47748 |
||